[Event "Surrey Open 20th"]
[Site "Sutton"]
[Date "1994.04.03"]
[Round "6"]
[White "Lalic, Bogdan"]
[Black "Anagnostopoulos, Dimitrios"]
[Result "1-0"]
[WhiteElo "2520"]
[BlackElo "2464"]
[PlyCount "93"]
[EventDate "1994.04.01"]
[EventType "swiss"]
[EventRounds "7"]
[EventCountry "ENG"]
[SourceTitle "BritBase"]
[Source "John Saunders"]
[SourceDate "2025.11.05"]
[SourceVersion "1"]
[SourceVersionDate "2025.11.05"]
[SourceQuality "1"]

1. c4 Nf6 2. Nf3 g6 3. Nc3 Bg7 4. e4 d6 5. d4 O-O 6. Be2 e5 7. O-O Nc6 8. d5 Ne7 9. Nd2 a5 10. Rb1 Nd7 11. a3 f5 12. b4 Kh8 13. f3 Ng8 14. Qc2 Bh6 15. c5 axb4 16. axb4 dxc5 17. bxc5 Be3+ 18. Kh1 Bxc5 19. Nc4 fxe4 20. Nxe4 Bd4 21. Bb2 Ndf6 22. Nxe5 Bxb2 23. Qxb2 Bf5 24. Ng5 Qe7 25. Rbc1 Rad8 26. Bc4 Rd6 27. Rfe1 Qg7 28. Ne6 Bxe6 29. dxe6 Rb6 30. Qxb6 cxb6 31. Nf7+ Rxf7 32. exf7 Qf8 33. fxg8=Q+ Nxg8 34. Bxg8 Kxg8 35. Rc7 Qd8 36. Rxb7 h5 37. h3 Qc8 38. Rxb6 Kh7 39. Rbe6 Qc5 40. R1e4 Qc1+ 41. Kh2 Qd2 42. h4 Qc1 43. Re7+ Kg8 44. Rb4 Kf8 45. Ra7 Qc8 46. Rbb7 Qe8 47. Rf7+ 1-0

[Event "Surrey Open 20th"]
[Site "Sutton"]
[Date "1994.04.03"]
[Round "6"]
[White "Mack, Andrew L"]
[Black "Hinks-Edwards, Thomas RJ"]
[Result "1/2-1/2"]
[WhiteElo "2176"]
[BlackElo "2112"]
[PlyCount "33"]
[EventDate "1994.04.01"]
[EventType "swiss"]
[EventRounds "7"]
[EventCountry "ENG"]
[SourceTitle "BritBase"]
[Source "John Saunders"]
[SourceDate "2025.11.05"]
[SourceVersion "1"]
[SourceVersionDate "2025.11.05"]
[SourceQuality "1"]

1. e4 Nf6 2. e5 Nd5 3. c4 Nb6 4. c5 Nd5 5. Bc4 e6 6. Nc3 Nxc3 7. bxc3 d6 8. cxd6 cxd6 9. Nf3 Nc6 10. Qe2 dxe5 11. Nxe5 Bd6 12. Bb5 Qc7 13. d4 O-O 14. Bxc6 bxc6 15. O-O c5 16. Re1 Bb7 17. Qg4 1/2-1/2

[Event "Surrey Open 20th"]
[Site "Sutton"]
[Date "1994.04.03"]
[Round "6"]
[White "Mah, Karl CC"]
[Black "Lalic, Susan Kathryn"]
[Result "0-1"]
[WhiteElo "2008"]
[BlackElo "2328"]
[PlyCount "46"]
[EventDate "1994.04.01"]
[EventType "swiss"]
[EventRounds "7"]
[EventCountry "ENG"]
[SourceTitle "BritBase"]
[Source "John Saunders"]
[SourceDate "2025.11.05"]
[SourceVersion "1"]
[SourceVersionDate "2025.11.05"]
[SourceQuality "1"]

1. e4 e6 2. d4 d5 3. Nd2 c5 4. exd5 Qxd5 5. Ngf3 cxd4 6. Bc4 Qd6 7. O-O Nf6 8. Nb3 Nc6 9. Nbxd4 Nxd4 10. Nxd4 a6 11. b3 Qc7 12. Bb2 Bd6 13. Nf3 b5 14. Bd3 Bb7 15. h3 Rd8 16. Kh1 Qc5 17. a4 b4 18. Qe2 a5 19. Nd2 Qg5 20. Be4 Qf4 21. g3 Bxe4+ 22. Kh2 Qxd2 23. Qb5+ Ke7 0-1

[Event "Surrey Open 20th"]
[Site "Sutton"]
[Date "1994.04.03"]
[Round "6"]
[White "Neil, David R"]
[Black "Johnstone, Paul Ellis"]
[Result "0-1"]
[WhiteElo "2080"]
[BlackElo "2232"]
[PlyCount "56"]
[EventDate "1994.04.01"]
[EventType "swiss"]
[EventRounds "7"]
[EventCountry "ENG"]
[SourceTitle "BritBase"]
[Source "John Saunders"]
[SourceDate "2025.11.05"]
[SourceVersion "1"]
[SourceVersionDate "2025.11.05"]
[SourceQuality "1"]

1. e4 c5 2. Nc3 e6 3. f4 d5 4. exd5 exd5 5. Bb5+ Nc6 6. Qe2+ Be7 7. Nf3 Nf6 8. Ne5 Bd7 9. Bxc6 Bxc6 10. Nxc6 bxc6 11. d3 O-O 12. O-O Re8 13. Qf3 Nd7 14. Bd2 Bf6 15. Rab1 Nb6 16. b3 Bd4+ 17. Kh1 f5 18. Ne2 Bf6 19. Bc3 Bxc3 20. Nxc3 d4 21. Ne2 Qd5 22. Qf2 Qd6 23. Ng3 g6 24. Rfe1 Nd5 25. Ne2 Re3 26. g3 Rae8 27. Kg1 Qe6 28. Kf1 Rxe2 0-1

[Event "Surrey Open 20th"]
[Site "Sutton"]
[Date "1994.04.03"]
[Round "6"]
[White "Panchapagesan, Arjun"]
[Black "Houska, Miroslav"]
[Result "1/2-1/2"]
[WhiteElo "2136"]
[BlackElo "2240"]
[PlyCount "91"]
[EventDate "1994.04.01"]
[EventType "swiss"]
[EventRounds "7"]
[EventCountry "ENG"]
[SourceTitle "BritBase"]
[Source "John Saunders"]
[SourceDate "2025.11.05"]
[SourceVersion "1"]
[SourceVersionDate "2025.11.05"]
[SourceQuality "1"]

1. e4 c5 2. Nf3 Nc6 3. d4 cxd4 4. Nxd4 e5 5. Nb5 d6 6. c4 Be7 7. Be2 Be6 8. O-O a6 9. N5a3 Nf6 10. Nc3 O-O 11. Be3 Rc8 12. Rc1 Ne8 13. Nd5 Bg5 14. Bb6 Qd7 15. Rc3 Kh8 16. Nc2 g6 17. f3 Bxd5 18. Qxd5 Kg8 19. Qd3 Qe6 20. Rd1 h5 21. Qd5 Qd7 22. Qd3 h4 23. Bf2 Nd8 24. Ne3 f5 25. Nd5 Qf7 26. exf5 gxf5 27. Nb6 Rc6 28. Qd5 Ne6 29. Bf1 Nf6 30. Qa5 Nf4 31. g3 hxg3 32. hxg3 N4h5 33. Nd5 Qg7 34. Bg2 f4 35. g4 Ng3 36. Bxg3 fxg3 37. f4 exf4 38. Ne7+ Qxe7 39. Qxg5+ Qg7 40. Qxf4 Rc5 41. Rf1 Re5 42. Rxg3 b5 43. Qd4 bxc4 44. Qxc4+ d5 45. Qd4 Qc7 46. Re3 1/2-1/2

[Event "Surrey Open 20th"]
[Site "Sutton"]
[Date "1994.04.03"]
[Round "6"]
[White "Parr, David"]
[Black "Osborne, Marcus E"]
[Result "0-1"]
[WhiteElo "2112"]
[BlackElo "1960"]
[PlyCount "52"]
[EventDate "1994.04.01"]
[EventType "swiss"]
[EventRounds "7"]
[EventCountry "ENG"]
[SourceTitle "BritBase"]
[Source "John Saunders"]
[SourceDate "2025.11.05"]
[SourceVersion "1"]
[SourceVersionDate "2025.11.05"]
[SourceQuality "1"]

1. e4 g6 2. d4 d6 3. Nc3 Bg7 4. Be3 a6 5. a4 Nf6 6. Qd2 c6 7. Nf3 O-O 8. Bh6 Qc7 9. Bxg7 Kxg7 10. Be2 b6 11. O-O Nbd7 12. Rfe1 Bb7 13. d5 cxd5 14. exd5 Qc5 15. Rad1 Rac8 16. Bf1 Rfe8 17. Re3 Ng4 18. Re4 Nge5 19. Nxe5 Nxe5 20. Rd4 f5 21. Kh1 Qc7 22. f4 Ng4 23. Rc4 Qd8 24. Qd4+ Kg8 25. Rb4 e5 26. dxe6 Qh4 0-1

[Event "Surrey Open 20th"]
[Site "Sutton"]
[Date "1994.04.03"]
[Round "6"]
[White "Pein, Malcolm"]
[Black "Willmoth, Robert F"]
[Result "1-0"]
[WhiteElo "2328"]
[BlackElo "2040"]
[PlyCount "81"]
[EventDate "1994.04.01"]
[EventType "swiss"]
[EventRounds "7"]
[EventCountry "ENG"]
[SourceTitle "BritBase"]
[Source "John Saunders"]
[SourceDate "2025.11.05"]
[SourceVersion "1"]
[SourceVersionDate "2025.11.05"]
[SourceQuality "1"]

1. d4 d5 2. c4 e6 3. Nc3 Be7 4. Nf3 Nf6 5. Bg5 c6 6. e3 Nbd7 7. Qc2 dxc4 8. Bxc4 Nb6 9. Bb3 h6 10. Bxf6 Bxf6 11. O-O-O Nd5 12. Ne4 Be7 13. Ne5 a5 14. a3 O-O 15. g4 Ra6 16. h4 Bxh4 17. Nf3 Be7 18. g5 Bd7 19. Ne5 Be8 20. Rdg1 a4 21. Ba2 b5 22. Bb1 g6 23. Rxh6 Kg7 24. f4 Rg8 25. Rh7+ Kf8 26. Qh2 Bd6 27. Nxd6 Qxd6 28. Bxg6 b4 29. Nxf7 Qb8 30. Qh6+ Ke7 31. Nd6+ Kxd6 32. f5 Nf4 33. Qh2 Bxg6 34. Qxf4+ Kd5 35. Rd7+ Kc4 36. Qf1+ Kb3 37. Qd3+ Ka2 38. Qb1+ Kb3 39. Qc2+ Ka2 40. b3+ Ka1 41. Qb2# 1-0

[Event "Surrey Open 20th"]
[Site "Sutton"]
[Date "1994.04.03"]
[Round "6"]
[White "Sedgwick, David R"]
[Black "Hodgson, John H"]
[Result "1-0"]
[WhiteElo "2000"]
[BlackElo "2152"]
[PlyCount "89"]
[EventDate "1994.04.01"]
[EventType "swiss"]
[EventRounds "7"]
[EventCountry "ENG"]
[SourceTitle "BritBase"]
[Source "John Saunders"]
[SourceDate "2025.11.05"]
[SourceVersion "1"]
[SourceVersionDate "2025.11.05"]
[SourceQuality "1"]

1. e4 c5 2. c3 Nf6 3. e5 Nd5 4. d4 cxd4 5. cxd4 d6 6. Nf3 Nc6 7. Bc4 Nb6 8. Bb5 dxe5 9. Nxe5 Bd7 10. Nc3 Nxe5 11. dxe5 Bxb5 12. Nxb5 Qxd1+ 13. Kxd1 Nd5 14. Bd2 a6 15. Nc3 Nxc3+ 16. Bxc3 e6 17. Ke2 Be7 18. Rhd1 Rd8 19. Ba5 Rxd1 20. Rxd1 f6 21. Rc1 O-O 22. exf6 gxf6 23. Bd2 Bd6 24. Rc4 Kf7 25. Rd4 Rd8 26. Ba5 Rd7 27. Bb4 Ke7 28. Rxd6 Rxd6 29. Kf3 a5 30. Bxd6+ Kxd6 31. Kg4 e5 32. Kf5 Ke7 33. g4 b5 34. h4 a4 35. a3 h6 36. g5 hxg5 37. hxg5 fxg5 38. Kxe5 g4 39. Kf4 Kd6 40. Kxg4 Kc5 41. f4 b4 42. f5 bxa3 43. bxa3 Kd6 44. Kg5 Ke7 45. Kg6 1-0

[Event "Surrey Open 20th"]
[Site "Sutton"]
[Date "1994.04.03"]
[Round "6"]
[White "Tucker, Alex E"]
[Black "Corkett, Anthony R"]
[Result "1-0"]
[WhiteElo "2040"]
[BlackElo "2304"]
[PlyCount "112"]
[EventDate "1994.04.01"]
[EventType "swiss"]
[EventRounds "7"]
[EventCountry "ENG"]
[SourceTitle "BritBase"]
[Source "John Saunders"]
[SourceDate "2025.11.05"]
[SourceVersion "1"]
[SourceVersionDate "2025.11.05"]
[SourceQuality "1"]

1. d4 d5 2. c4 e6 3. Nc3 Nf6 4. cxd5 exd5 5. Bg5 Nbd7 6. e3 c6 7. Bd3 Be7 8. Qc2 h6 9. Bh4 O-O 10. Nge2 Re8 11. O-O Ne4 12. Bxe7 Qxe7 13. Rae1 Ndf6 14. f3 Nxc3 15. Nxc3 Qd6 16. Qd2 b6 17. Rd1 Bb7 18. Rfe1 c5 19. Bb1 Rad8 20. a3 Re7 21. Kh1 Rde8 22. Ba2 c4 23. Bb1 a6 24. Re2 b5 25. Rde1 Rd8 26. Rd1 Rde8 27. Rde1 Qc6 28. e4 Qd7 29. e5 Nh7 30. f4 a5 31. f5 f6 32. e6 Qc6 33. Re3 b4 34. axb4 axb4 35. Ne2 Qd6 36. Rg3 Rc7 37. Rf1 Ba6 38. Bc2 Ng5 39. Rg4 c3 40. bxc3 Nxe6 41. Qe3 Qc6 42. fxe6 Rxe6 43. Qxh6 f5 44. Qf4 Bxe2 45. Qxf5 Bxf1 46. Qh7+ Kf8 47. Qh8+ Ke7 48. Rxg7+ Kd6 49. Qd8+ Qd7 50. Rxd7+ Rxd7 51. Qf8+ Rde7 52. Qb8+ Rc7 53. Qxb4+ Kd7 54. Ba4+ Kc8 55. Qf8+ Kb7 56. Qxf1 Rxc3 1-0

[Event "Surrey Open 20th"]
[Site "Sutton"]
[Date "1994.04.04"]
[Round "6"]
[White "Basman, Michael John"]
[Black "McMichael, Richard J"]
[Result "1-0"]
[WhiteElo "2336"]
[BlackElo "2224"]
[PlyCount "43"]
[EventDate "1994.04.01"]
[EventType "swiss"]
[EventRounds "7"]
[EventCountry "ENG"]
[SourceTitle "BritBase"]
[Source "John Saunders"]
[SourceDate "2025.11.05"]
[SourceVersion "1"]
[SourceVersionDate "2025.11.05"]
[SourceQuality "1"]

1. h3 d5 2. a3 e5 3. d3 f5 4. g4 c6 5. Bg2 fxg4 6. hxg4 Bxg4 7. Nf3 Nd7 8. c4 dxc4 9. dxc4 Ngf6 10. Nc3 Qc7 11. Ng5 Nc5 12. Qc2 Ne6 13. Rxh7 Rxh7 14. Qg6+ Ke7 15. Qf7+ Kd8 16. Nxe6+ Bxe6 17. Qxf8+ Kd7 18. Qxa8 Rh2 19. Bf3 e4 20. Nxe4 Nxe4 21. Bxe4 Qb6 22. Be3 {Sources: bulletin; Chess Circuit 1994/5, p18} 1-0

[Event "Surrey Open 20th"]
[Site "Sutton"]
[Date "1994.04.04"]
[Round "7"]
[White "Bisby, Daniel L"]
[Black "Neil, David R"]
[Result "0-1"]
[WhiteElo "2040"]
[BlackElo "2080"]
[PlyCount "42"]
[EventDate "1994.04.01"]
[EventType "swiss"]
[EventRounds "7"]
[EventCountry "ENG"]
[SourceTitle "BritBase"]
[Source "John Saunders"]
[SourceDate "2025.11.05"]
[SourceVersion "1"]
[SourceVersionDate "2025.11.05"]
[SourceQuality "1"]

1. c4 Nf6 2. Nc3 g6 3. d4 Bg7 4. e4 d6 5. Bg5 O-O 6. h3 Qe8 7. Nf3 Na6 8. Bd3 e5 9. d5 Nc5 10. Bc2 a5 11. Qd2 Nh5 12. Bh6 f5 13. Bxg7 Kxg7 14. O-O-O Bd7 15. Rhe1 Nf4 16. exf5 Bxf5 17. Ne4 Bxe4 18. Bxe4 Nxg2 19. Qg5 Nxe1 20. Rxe1 Nxe4 21. Rxe4 Rxf3 0-1

[Event "Surrey Open 20th"]
[Site "Sutton"]
[Date "1994.04.04"]
[Round "7"]
[White "Corkett, Anthony R"]
[Black "Panchapagesan, Arjun"]
[Result "1/2-1/2"]
[WhiteElo "2304"]
[BlackElo "2136"]
[PlyCount "66"]
[EventDate "1994.04.01"]
[EventType "swiss"]
[EventRounds "7"]
[EventCountry "ENG"]
[SourceTitle "BritBase"]
[Source "John Saunders"]
[SourceDate "2025.11.05"]
[SourceVersion "1"]
[SourceVersionDate "2025.11.05"]
[SourceQuality "1"]

1. c4 b6 2. Nc3 Bb7 3. Nf3 e6 4. e4 c5 5. Bd3 d6 6. O-O Nf6 7. b3 Nbd7 8. Bb2 Rg8 9. Bc2 g5 10. d4 g4 11. Ne1 cxd4 12. Qxd4 a6 13. b4 Rc8 14. Ba4 Rg6 15. Rc1 Qc7 16. f4 gxf3 17. Nxf3 Bg7 18. Qd3 Ng4 19. h3 Nge5 20. Nxe5 Bxe5 21. Nd1 Bxb2 22. Nxb2 Ke7 23. Bxd7 Qxd7 24. Qf3 f5 25. Rce1 Rcg8 26. Rf2 Bxe4 27. Rxe4 fxe4 28. Qxe4 d5 29. Qh4+ Ke8 30. Nd3 Qg7 31. Nf4 Rh6 32. Nh5 Qa1+ 33. Rf1 Qb2 1/2-1/2

[Event "Surrey Open 20th"]
[Site "Sutton"]
[Date "1994.04.04"]
[Round "7"]
[White "Ferguson, Mark"]
[Black "Basman, Michael John"]
[Result "0-1"]
[WhiteElo "2128"]
[BlackElo "2336"]
[PlyCount "142"]
[EventDate "1994.04.01"]
[EventType "swiss"]
[EventRounds "7"]
[EventCountry "ENG"]
[SourceTitle "BritBase"]
[Source "John Saunders"]
[SourceDate "2025.11.05"]
[SourceVersion "1"]
[SourceVersionDate "2025.11.05"]
[SourceQuality "1"]

1. e4 h6 2. d4 a6 3. Bd3 d6 4. c3 Nc6 5. Ne2 Nf6 6. O-O e5 7. f4 Bg4 8. Be3 exf4 9. Bxf4 Be7 10. Qe1 Qd7 11. Na3 Nh5 12. Bd2 Bg5 13. Nf4 Nxf4 14. Bxf4 O-O-O 15. b4 Rde8 16. Qg3 f5 17. b5 axb5 18. Bxb5 d5 19. h3 Bh5 20. exd5 Qxd5 21. Bxg5 hxg5 22. Qxg5 g6 23. Bc4 Qa5 24. Qc1 Rh7 25. Rb1 Be2 26. Rb5 Qa4 27. Re1 Rhe7 28. Rc5 b6 29. Bb5 Bxb5 30. Rxe7 Rxe7 31. Rxb5 Re2 32. Rb1 Rxa2 33. Nb5 Qc2 34. Qf1 Qe2 35. Qxe2 Rxe2 36. d5 Ne5 37. d6 c6 38. Nd4 Re3 39. Rxb6 Rxc3 40. Kf2 Kd7 41. Ke2 Ra3 42. Rb2 Rg3 43. Kf2 Rd3 44. Ne2 Kxd6 45. Ra2 Rb3 46. Rd2+ Ke7 47. Nd4 Rb4 48. Nf3 Nxf3 49. Kxf3 Rc4 50. g4 Ke6 51. gxf5+ gxf5 52. Re2+ Kf6 53. h4 c5 54. Rh2 Kg6 55. h5+ Kh6 56. Ke3 Re4+ 57. Kf3 c4 58. Rd2 Kxh5 59. Rd5 Kg5 60. Rc5 Kf6 61. Rc6+ Ke5 62. Rc5+ Kd4 63. Rxf5 Re8 64. Rf7 c3 65. Rd7+ Kc4 66. Kf2 c2 67. Rc7+ Kd3 68. Rd7+ Kc3 69. Rc7+ Kd2 70. Rd7+ Kc1 71. Rc7 Re5 0-1

[Event "Surrey Open 20th"]
[Site "Sutton"]
[Date "1994.04.04"]
[Round "7"]
[White "Johnstone, Paul Ellis"]
[Black "Pein, Malcolm"]
[Result "0-1"]
[WhiteElo "2232"]
[BlackElo "2328"]
[PlyCount "76"]
[EventDate "1994.04.01"]
[EventType "swiss"]
[EventRounds "7"]
[EventCountry "ENG"]
[SourceTitle "BritBase"]
[Source "John Saunders"]
[SourceDate "2025.11.05"]
[SourceVersion "1"]
[SourceVersionDate "2025.11.05"]
[SourceQuality "1"]

1. d4 Nf6 2. Nc3 c5 3. d5 d6 4. e4 g6 5. f4 Bg7 6. Bb5+ Nfd7 7. a4 O-O 8. Nf3 Na6 9. O-O Nc7 10. Bc4 a6 11. Qe2 b5 12. axb5 Nb6 13. Bb3 c4 14. Be3 Nxb5 15. Na4 Nxd5 16. exd5 cxb3 17. c4 Nc7 18. Nd4 Bd7 19. Nxb3 Rb8 20. Nb6 Nxd5 21. Nxd5 Rxb3 22. Rxa6 Rxb2 23. Qd1 e6 24. Bd4 Rb1 25. Qxb1 Bxd4+ 26. Kh1 Bc8 27. Nb4 Bxa6 28. Nxa6 Qa8 29. Nc7 Qc6 30. Nb5 Bf6 31. Qd3 Rd8 32. Nd4 Qa6 33. Nf3 d5 34. Nd2 Rc8 35. Rc1 Bb2 36. Rc2 Qa1+ 37. Qf1 Qxf1+ 38. Nxf1 Bd4 0-1

[Event "Surrey Open 20th"]
[Site "Sutton"]
[Date "1994.04.04"]
[Round "7"]
[White "Kinsman, Andrew PH"]
[Black "Lalic, Bogdan"]
[Result "1-0"]
[WhiteElo "2432"]
[BlackElo "2520"]
[PlyCount "93"]
[EventDate "1994.04.01"]
[EventType "swiss"]
[EventRounds "7"]
[EventCountry "ENG"]
[SourceTitle "BritBase"]
[Source "John Saunders"]
[SourceDate "2025.11.05"]
[SourceVersion "1"]
[SourceVersionDate "2025.11.05"]
[SourceQuality "1"]

1. d4 Nf6 2. Nf3 g6 3. c4 Bg7 4. g3 c5 5. Bg2 O-O 6. O-O cxd4 7. Nxd4 Nc6 8. Nc3 Ng4 9. e3 Nge5 10. b3 d6 11. h3 a6 12. Bb2 Rb8 13. a4 Re8 14. Nd5 e6 15. Nf4 Na5 16. Rb1 Bd7 17. Bc3 b6 18. Nfe2 Rc8 19. Rc1 Qc7 20. Kh2 Qb8 21. e4 Rcd8 22. Qd2 Nec6 23. Nxc6 Bxc3 24. Qxc3 Bxc6 25. Nd4 e5 26. Nc2 Qa8 27. b4 Nb7 28. Ne3 Rc8 29. Qa1 Nd8 30. b5 Bb7 31. Rfd1 Bxe4 32. Bxe4 Qxe4 33. Rxd6 Qf3 34. Ng4 h5 35. Rc3 hxg4 36. Rxf3 gxf3 37. bxa6 e4 38. Qd4 Nc6 39. Qxb6 Ne5 40. Qb5 e3 41. fxe3 Nxc4 42. Rc6 Nxe3 43. Rxc8 Rxc8 44. Kg1 Nf5 45. a7 Kg7 46. Qb2+ Kh7 47. Kf2 1-0

[Event "Surrey Open 20th"]
[Site "Sutton"]
[Date "1994.04.04"]
[Round "7"]
[White "Lalic, Susan Kathryn"]
[Black "Holland, Christopher KD"]
[Result "1-0"]
[WhiteElo "2328"]
[BlackElo "2160"]
[PlyCount "63"]
[EventDate "1994.04.01"]
[EventType "swiss"]
[EventRounds "7"]
[EventCountry "ENG"]
[SourceTitle "BritBase"]
[Source "John Saunders"]
[SourceDate "2025.11.05"]
[SourceVersion "1"]
[SourceVersionDate "2025.11.05"]
[SourceQuality "1"]

1. e4 c5 2. c3 Nf6 3. e5 Nd5 4. d4 cxd4 5. Nf3 Nc6 6. Bc4 Nb6 7. Bb3 d5 8. exd6 Qxd6 9. Na3 a6 10. cxd4 Be6 11. O-O g6 12. Re1 Bd5 13. Ne5 Bg7 14. Bf4 O-O 15. Nxc6 Qxc6 16. Rc1 Qf6 17. Be5 Qg5 18. Bxd5 Nxd5 19. Bxg7 Nf4 20. g3 Kxg7 21. h4 Nh3+ 22. Kg2 Qf5 23. Qf3 Qd7 24. Nc4 Rad8 25. Ne5 Qxd4 26. Kxh3 Qxb2 27. Nc4 Qxa2 28. Re2 Qa4 29. Rxe7 Qb4 30. Qxb7 Qc5 31. Qb2+ Kg8 32. Re5 1-0

[Event "Surrey Open 20th"]
[Site "Sutton"]
[Date "1994.04.04"]
[Round "7"]
[White "Mack, Andrew L"]
[Black "Sedgwick, David R"]
[Result "1/2-1/2"]
[WhiteElo "2176"]
[BlackElo "2000"]
[PlyCount "27"]
[EventDate "1994.04.01"]
[EventType "swiss"]
[EventRounds "7"]
[EventCountry "ENG"]
[SourceTitle "BritBase"]
[Source "John Saunders"]
[SourceDate "2025.11.05"]
[SourceVersion "1"]
[SourceVersionDate "2025.11.05"]
[SourceQuality "1"]

1. e4 e6 2. d3 d5 3. Nd2 Nf6 4. Ngf3 Nc6 5. c3 a5 6. a4 Bc5 7. e5 Nd7 8. d4 Ba7 9. Bd3 f6 10. exf6 Qxf6 11. O-O e5 12. dxe5 Ndxe5 13. Nxe5 Nxe5 14. Be2 1/2-1/2

[Event "Surrey Open 20th"]
[Site "Sutton"]
[Date "1994.04.04"]
[Round "7"]
[White "McMichael, Richard J"]
[Black "Cobb, James E"]
[Result "1-0"]
[WhiteElo "2224"]
[BlackElo "2176"]
[PlyCount "160"]
[EventDate "1994.04.01"]
[EventType "swiss"]
[EventRounds "7"]
[EventCountry "ENG"]
[SourceTitle "BritBase"]
[Source "John Saunders"]
[SourceDate "2025.11.05"]
[SourceVersion "1"]
[SourceVersionDate "2025.11.05"]
[SourceQuality "1"]

1. b3 e5 2. Bb2 Nc6 3. e3 d6 4. c4 g6 5. Nf3 Bg7 6. Be2 Nf6 7. d4 O-O 8. Nc3 Bf5 9. d5 Ne7 10. Nd2 c6 11. e4 Bd7 12. Qc2 Rc8 13. Qd3 Ne8 14. O-O f5 15. f3 c5 16. a3 f4 17. Kf2 g5 18. Ke1 Ng6 19. Kd1 a6 20. g4 Nh4 21. Rg1 Rf7 22. Kc2 b5 23. Nd1 Nc7 24. Qc3 Na8 25. Nf2 Be8 26. Nd3 Rb7 27. Ne1 Nb6 28. Ng2 Nxg2 29. Rxg2 b4 30. Qd3 bxa3 31. Rxa3 Ra8 32. Bc3 Rba7 33. Ba5 Qb8 34. Rg1 Bf6 35. Rb1 Rb7 36. Kc1 Bd8 37. Rba1 Rba7 38. Bd1 Nd7 39. Qc3 Nf8 40. Be2 Ng6 41. Bxd8 Qxd8 42. Qa5 Qe7 43. Rb1 Rb7 44. b4 cxb4 45. Rxb4 Rxb4 46. Qxb4 Qc7 47. Qa5 Qa7 48. c5 Rc8 49. Rc3 Rxc5 50. Rxc5 dxc5 51. d6 Kf8 52. Qc7 Qxc7 53. dxc7 Bd7 54. Bxa6 Ne7 55. Nc4 Bc8 56. Bb5 Kf7 57. Nxe5+ Ke6 58. Nc4 Bd7 59. Ba6 Bc8 60. Bxc8+ Nxc8 61. Kd2 Kd7 62. Ne5+ Kxc7 63. Nf7 h6 64. Nxh6 Nd6 65. Nf5 Nc4+ 66. Ke2 Ne5 67. h4 gxh4 68. Nxh4 Kd6 69. Ng2 Ng6 70. Ne1 Ke5 71. Kd3 Nh4 72. g5 Ng6 73. Kc4 Kd6 74. Nd3 Nh4 75. Ne1 Ng6 76. Nd3 Nh4 77. e5+ Ke6 78. Kxc5 Nxf3 79. g6 Nh4 80. Nxf4+ Ke7 1-0

[Event "Surrey Open 20th"]
[Site "Sutton"]
[Date "1994.04.04"]
[Round "7"]
[White "Osborne, Marcus E"]
[Black "Perkins, Alan H"]
[Result "1/2-1/2"]
[WhiteElo "1960"]
[BlackElo "2240"]
[PlyCount "33"]
[EventDate "1994.04.01"]
[EventType "swiss"]
[EventRounds "7"]
[EventCountry "ENG"]
[SourceTitle "BritBase"]
[Source "John Saunders"]
[SourceDate "2025.11.05"]
[SourceVersion "1"]
[SourceVersionDate "2025.11.05"]
[SourceQuality "1"]

1. e4 c5 2. Nf3 e6 3. Nc3 Nc6 4. Bb5 Nge7 5. O-O a6 6. Bxc6 Nxc6 7. d4 cxd4 8. Nxd4 d6 9. Be3 Be7 10. f4 O-O 11. Kh1 Bd7 12. a4 Na5 13. b3 Qc7 14. Nce2 Rfd8 15. Ng3 Nc6 16. Nxc6 bxc6 17. f5 1/2-1/2

[Event "Surrey Open 20th"]
[Site "Sutton"]
[Date "1994.04.04"]
[Round "7"]
[White "Smith, Andrew Philip"]
[Black "Tucker, Alex E"]
[Result "1-0"]
[WhiteElo "2168"]
[BlackElo "2040"]
[PlyCount "109"]
[EventDate "1994.04.01"]
[EventType "swiss"]
[EventRounds "7"]
[EventCountry "ENG"]
[SourceTitle "BritBase"]
[Source "John Saunders"]
[SourceDate "2025.11.05"]
[SourceVersion "1"]
[SourceVersionDate "2025.11.05"]
[SourceQuality "1"]

1. e4 e5 2. d4 exd4 3. Qxd4 Nc6 4. Qe3 Nf6 5. Bd2 d6 6. Nc3 Be7 7. O-O-O O-O 8. Nh3 Re8 9. Nf4 Ne5 10. f3 c6 11. Qf2 b5 12. Kb1 a5 13. a4 b4 14. Na2 Bd7 15. Nd3 Nc4 16. Bc1 Nb6 17. b3 Qc7 18. Be3 c5 19. Nb2 Be6 20. Bb5 Red8 21. g4 d5 22. g5 Nh5 23. f4 dxe4 24. f5 Bd5 25. Be2 g6 26. fxg6 hxg6 27. Bxh5 gxh5 28. Rdg1 Qe5 29. Qe2 Bf8 30. g6 f5 31. g7 Be7 32. Qxh5 Bf6 33. Bc1 e3 34. Qh8+ Kf7 35. g8=Q+ Rxg8 36. Qh7+ Rg7 37. Rxg7+ Bxg7 38. Rg1 Qf6 39. Qh5+ Kg8 40. Rg3 Bf7 41. Qf3 f4 42. Rg4 Bh5 43. Rxg7+ Qxg7 44. Qxh5 Rf8 45. Qxc5 e2 46. Nd3 f3 47. Be3 Rd8 48. Nac1 Rc8 49. Qxb6 Qc3 50. Qe6+ Kh7 51. Qh3+ Kg8 52. Qg4+ Kh7 53. Qh3+ Kg8 54. Ne1 Qxe1 55. Qe6+ 1-0

[Event "Surrey Open 20th"]
[Site "Sutton"]
[Date "1994.04.??"]
[Round "?"]
[White "Rosten, Oliver"]
[Black "Manning, Russell P"]
[Result "1-0"]
[WhiteElo "1848"]
[BlackElo "1912"]
[PlyCount "49"]
[EventDate "1994.04.01"]
[EventType "swiss"]
[EventRounds "7"]
[EventCountry "ENG"]
[SourceTitle "BritBase"]
[Source "John Saunders"]
[SourceDate "2025.11.05"]
[SourceVersion "1"]
[SourceVersionDate "2025.11.05"]
[SourceQuality "1"]

1. e4 c5 2. Nf3 d6 3. d4 cxd4 4. Nxd4 Nf6 5. Nc3 a6 6. f4 Qc7 7. Nf3 Nbd7 8. a4 g6 9. Bd3 Bg7 10. O-O O-O 11. Qe1 b6 12. f5 Bb7 13. Qh4 Rae8 14. Bh6 e6 15. Ng5 Qc6 16. fxg6 fxg6 17. Rf3 Re7 18. Bxg7 Kxg7 19. Nxh7 Rh8 20. Rxf6 Rxh7 21. Rxg6+ Kxg6 22. e5+ Kf7 23. Qxh7+ Ke8 24. Qg8+ Nf8 25. Rf1 1-0

[Event "Surrey Premier U170"]
[Site "Sutton"]
[Date "1994.04.01"]
[Round "1"]
[White "Page, Martin C"]
[Black "Skielnik, Joseph J"]
[Result "1-0"]
[WhiteElo "1888"]
[BlackElo "1768"]
[PlyCount "109"]
[EventDate "1994.04.01"]
[EventType "swiss"]
[EventRounds "7"]
[EventCountry "ENG"]
[SourceTitle "BritBase"]
[Source "John Saunders"]
[SourceDate "2025.11.05"]
[SourceVersion "1"]
[SourceVersionDate "2025.11.05"]
[SourceQuality "1"]

1. c4 Nf6 2. Nc3 g6 3. Nf3 Bg7 4. g3 d6 5. Bg2 c5 6. O-O Nc6 7. d3 Bd7 8. Bd2 Qc8 9. Nd5 e6 10. Nxf6+ Bxf6 11. Ng5 h6 12. Ne4 Be7 13. f4 f5 14. Nc3 O-O 15. a3 a5 16. Nb5 Nd4 17. Nxd4 cxd4 18. b4 axb4 19. axb4 Bc6 20. e4 dxe3 21. Bxe3 Bxg2 22. Kxg2 Qc6+ 23. Qf3 Qxf3+ 24. Kxf3 Bf6 25. Ra5 Bc3 26. Rb5 Rf7 27. Rb1 Ra3 28. Rb6 Rd7 29. h4 h5 30. Rb5 Kf7 31. Bc1 Ra2 32. Rb3 Bd4 33. Be3 Bxe3 34. Kxe3 Rg2 35. Kf3 Ra2 36. Rc3 Ke7 37. d4 Rd2 38. d5 e5 39. fxe5 dxe5 40. Rb6 Kf7 41. b5 Rd4 42. Ke3 Rg4 43. Kf2 Rd4 44. Re6 Re7 45. Rd6 f4 46. gxf4 Rxf4+ 47. Rf3 Rc7 48. Rxf4+ exf4 49. b6 Rxc4 50. Rd7+ Ke8 51. Rxb7 Rd4 52. Rh7 Rb4 53. b7 Kd8 54. Kf3 g5 55. hxg5 {Best Game Prize entry} 1-0